| 000 | 00519cam a22001337 4500 | ||
|---|---|---|---|
| 082 |
_a954.0357 _bWIL |
||
| 100 | 1 |
_aRushbrook Williams, L. F. _950333 |
|
| 245 | 0 | 0 |
_aIndia in 1922-23; _ba statement prepared for presentation to Parliament in accordance with the requirements of the 26th Section of the Government of India act, 5 & 6 Geo. V, chap. 61. |
| 260 |
_aCalcutta, _bSuperintendent Govt. Print., _c1923. |
||
| 300 | _a358 p. | ||
| 526 |
_a0 _b0 _c0 _d954_035700000000000_WIL |
||
| 650 |
_aMCE _9379 |
||
| 942 |
_2ddc _cBK |
||
| 999 |
_c553192 _d553192 |
||